MARC

LEADER 00000nam0a2200000 4500
001 116472
005 20231031123231.0
035 |a (RuTPU)RU\TPU\book\126049 
090 |a 116472 
100 |a 20070522d1957 m y0rusy50 ca 
101 0 |a rus 
102 |a RU 
105 |a a z 001zy 
200 1 |a Пневматические механизмы  |f Б. Н. Бежаев 
210 |a Москва  |c Машгиз  |d 1967  |a Ленинград 
215 |a 252 с.  |c ил. 
320 |a Литература: с. 249-250. 
610 1 |a пневматические механизмы 
610 1 |a пневматические устройства 
610 1 |a воздухопроводы 
610 1 |a распределительные устройства 
610 1 |a регулирующие устройства 
610 1 |a предохранительные устройства 
610 1 |a вспомогательные устройства 
610 1 |a изделия 
675 |a 621.5  |v 3 
700 1 |a Бежаев  |b Б. Н.  |g Борис Николаевич 
801 1 |a RU  |b 63413507  |c 20070522  |g PSBO 
801 2 |a RU  |b 63413507  |c 20071120  |g PSBO 
942 |c BK